| 000 | 00000nas 2200000za 4500 |
| 001 | 9.500847 |
| 003 | CaOODSP |
| 005 | 20250403104648 |
| 007 | cr ||||||||||| |
| 008 | 150406d19972006onc x m o||||f0 b0fre|d |
| 022 | |a1706-7731 |
| 040 | |aCaOODSP|bfre |
| 043 | |an-cn--- |
| 086 | 1 |aCS62-0014/1F-PDF |
| 222 | 0|aSérie analytique |b(Ottawa. En ligne) |
| 245 | 00|aSérie analytique |h[ressource électronique]. |
| 260 | |aOttawa : |bStatistique Canada, |c1997-2006. |
| 310 | |aIrrégulier |
| 362 | 1 |aParaît depuis: no. 1 (déc. 1996) ; ne paraît plus après no. 18 (mai 2006). |
| 500 | |aPubl. aussi en anglais sous le titre : Analytical series. |
| 520 | 3 |aRend accessible la recherche et l'analyse produites par le personnel de la division. Veut encourager la discussion sur une variété de sujets reliés à l'analyse de l'évolution temporelle des prix ou à la comparaison spatiale des prix. Les lecteurs de la série sont invités à contacter les auteurs avec leurs commentaires, leurs critiques et leurs suggestions. |
| 710 | 2 |aStatistique Canada. |
| 775 | 08|tAnalytical series |w(CaOODSP)9.504426 |
| 785 | 00|tSérie analytique des prix |w(CaOODSP)9.842995 |